| 000 | 00702nam a2200193 i 4500 | ||
|---|---|---|---|
| 001 | 165608 | ||
| 003 | ES-MaACL | ||
| 005 | 20230906213155.0 | ||
| 008 | 981002s1855 fr |||| | fre d | ||
| 080 | _a811.9 | ||
| 100 | 1 |
_aSotos Ochando, Bonifacio. _9107547 |
|
| 245 | 1 | 0 |
_aRésumé analytique d'un projet de langue universelle / _cpar Bonifacio Sotos Ochando ; traduit de l'espagnol par A.M. Touzé. |
| 260 |
_aParis : _bLibrairie de Jacques Lecoffre et Cie., _c1855. |
||
| 300 |
_a39 p. ; _c22 cm. |
||
| 596 | _aMarca tip. en port. | ||
| 650 | 4 |
_aLenguas artificiales. _9136381 |
|
| 700 | 1 |
_aTouzé, A. M. _9133363 |
|
| 852 |
_aES-MaACL _jT-87-F-4 _z- Enc. hol. _z- Enc. en un vol. facticio |
||
| 999 |
_c165608 _d165608 |
||